000
00223nam a2200097Ia 4500
008
220204s9999 xx 000 0 und d
082
_a
82-3
_b
LEH
100
_a
Lehman, Ernest
245
0
_a
French Atlantin affair
942
_c
BK
999
_c
29457
_d
29457